La seconde guerre mondiale.
Na minha lista:
| Autor principal: | |
|---|---|
| Formato: | Livro |
| Publicado em: |
París, France:
Presses Universitaires de France,
1996.
|
| Edição: | Neuvième édition. |
| coleção: | Que Sais-Je ?
|
| Assuntos: | |
| Tags: |
Adicionar Tag
Sem tags, seja o primeiro a adicionar uma tag!
|
MARC
| LEADER | 00000nam a22000007a 4500 | ||
|---|---|---|---|
| 003 | CL-VaPUC | ||
| 005 | 20240429111637.0 | ||
| 008 | 240411t1996 ||||| |||| 00| 0 eng d | ||
| 999 | |c 443494 |d 443492 | ||
| 020 | |a 2 13 042504 6 | ||
| 040 | |c Pontificia Universidad Católica de Valparaíso | ||
| 082 | 7 | |2 22 |a 940.531 MIC 1996 | |
| 100 | |a Michel, Henri |e autor |9 441595 | ||
| 245 | 1 | 3 | |a La seconde guerre mondiale. |
| 250 | |a Neuvième édition. | ||
| 260 | |a París, France: |b Presses Universitaires de France, |c 1996. | ||
| 300 | |a 127 páginas. | ||
| 490 | 0 | |a Que Sais-Je ? | |
| 500 | |a c.1 Donación Sr. Jorge López Santa María. MEMO DER Nº14 / 26-3-2024 | ||
| 583 | |a last modification |c 20000420 00:00:00 |k Cristina María Rojas Aguilar | ||
| 650 | |a Guerra mundial, 1939-1945 (Segunda guerra mundial) |v Campaña |v Resistencia |v Campos de batalla |9 888373 | ||
| 942 | |c BK |2 ddc | ||
| 952 | |0 0 |1 0 |2 ddc |4 0 |6 940_531000000000000_MIC_1996 |7 0 |8 A |9 594035 |a BIBDER |b BIBDER |d 2024-04-11 |e Donación |i 5660660 |o 940.531 MIC 1996 |p 5660660 |r 2024-04-11 |t 1 |w 2024-04-11 |y BK |k DER | ||